000 00911nam a2200241 i 4500
001 170767
003 ES-MaACL
005 20250808062742.0
008 090403s1952 sp |||| | lat d
100 0 _aZalba, Marcelino.
_9117869
245 1 0 _aTheologiae Moralis Summa.
_nI /
_cauctore Marcellino Zalba.
260 _aMatriti :
_bLa Editorial Católica,
_c1952.
300 _aXXVIII, 965 p. ;
_c20 cm.
490 1 _aBiblioteca de autores cristianos ;
_v93
505 8 _aContiene : Theologia moralis fundamentalis ; Tractatus de virtutibus theologicis
546 _aTexto en latín.
594 _aEn la anteport. : Iuxta Constitutionem Apostolicam "Deus scientiarum Dominus"
740 0 _aTheologia moralis fundamentalis.
740 0 _aTractatus de virtutibus theologicis.
830 0 0 _aBiblioteca de autores cristianos
_v93
_9178679
852 _aES-MaACL
_jJ-91
_9R.46092
999 _c170767
_d170767